Les buteurs du Portugal au Championnat d'Europe de football 2000 - Statistiques

Statistiques générales
  • Ce quiz a été pris 22 fois
  • Le résultat moyen est 7 sur 10
Statistiques - réponses
Match Minute Buteur % Correct
Portugal - Angleterre 3-2 22' Luís Figo
100%
Portugal - Angleterre 3:2 59' Nuno Gomes
76%
Turquie - Portugal 0-2 44' Nuno Gomes
76%
Turquie - Portugal 0-2 56' Nuno Gomes
76%
France - Portugal 2-1 (a.p.) 19' Nuno Gomes
76%
Portugal - Allemagne 3-0 35' Sérgio Conceição
67%
Portugal - Allemagne 3:0 54' Sérgio Conceição
67%
Portugal - Allemagne 3:0 71' Sérgio Conceição
67%
Portugal - Angleterre 3:2 37' João Pinto
52%
Roumanie - Portugal 0-1 90+4' Costinha
24%
Aucun quiz correspondant
Distribution des résultats
% des personnes avec chaque résultat
Percentile par nombre de réponses
Votre historique - résultats
Vous n’avez pas pris ce quiz